[Event "Nettetal op"]
[Site "Nettetal"]
[Date "2010.07.09"]
[Round "7"]
[White "Samarian, Cornel"]
[Black "Rothkugel, Wolfgang"]
[Result "0-1"]
[WhiteElo "1792"]
[BlackElo "2001"]
[PlyCount "78"]
[EventDate "2010.07.03"]
[EventType "swiss"]
[EventRounds "9"]
[EventCountry "GER"]
[SourceTitle "CBM 137 Extra"]
[Source "ChessBase"]
[SourceDate "2010.09.01"]
[SourceVersion "1"]
[SourceVersionDate "2010.09.01"]
[SourceQuality "1"]

1. d4 Nf6 2. c4 d6 3. Nc3 g6 4. e4 Bg7 5. Nf3 0-0 6. Be2 e5 7. d5 a5 8. h3 Nbd7 9. Be3 Nc5 10. Bxc5 dxc5 11. Qd2 Ne8 12. 0-0 Nd6 13. Bd3 f5 14. Kh2 h6 15. Ng1 Bd7 16. a4 Qf6 17. f3 Rf7 18. b3 f4 19. Qf2 g5 20. g4 h5 21. Qg2 Qh6 22. Rf2 Ne8 23. Raa2 Nf6 24. Be2 Bf8 25. Ra1 Rh7 26. Ra2 Qg6 27. Rd2 Bd6 28. Rd3 Kf7 29. Bd1 Rah8 30. Be2 hxg4 31. fxg4 Rh4 32. Kh1 Nxg4 33. Bxg4 Rxg4 34. Qf1 Rgh4 35. Rh2 g4 36. Rf2 g3 37. Rff3 Bxh3 38. Nxh3 Rxh3+ 39. Kg1 Rh1+ 0-1

[Event "Nettetal op"]
[Site "Nettetal"]
[Date "2010.07.08"]
[Round "6"]
[White "Rothkugel, Wolfgang"]
[Black "Busch, Christian"]
[Result "0-1"]
[WhiteElo "2001"]
[BlackElo "2122"]
[PlyCount "46"]
[EventDate "2010.07.03"]
[EventType "swiss"]
[EventRounds "9"]
[EventCountry "GER"]
[SourceTitle "CBM 137 Extra"]
[Source "ChessBase"]
[SourceDate "2010.09.01"]
[SourceVersion "1"]
[SourceVersionDate "2010.09.01"]
[SourceQuality "1"]

1. d4 Nf6 2. Nf3 d5 3. c4 e6 4. Nc3 Be7 5. g3 0-0 6. Bg2 dxc4 7. Ne5 Nc6 8. Nxc6 bxc6 9. Bxc6 Rb8 10. Bg2 Bb7 11. f3 c5 12. Be3 Ng4 13. Bg1 Qb6 14. Rb1 Rfd8 15. Qa4 cxd4 16. Qxc4 Qb4 17. Qxb4 Bxb4 18. a3 Ba5 19. b4 dxc3 20. bxa5 c2 21. Rc1 Ba8 22. Bxa7 Rb1 23. 0-0 Rxc1 0-1

[Event "Duesseldorf Nord Cup 9th GrI"]
[Site "Duesseldorf"]
[Date "2009.08.15"]
[Round "2.3"]
[White "Ruhl, Clemens"]
[Black "Rothkugel, Wolfgang"]
[Result "0-1"]
[WhiteElo "1663"]
[BlackElo "2001"]
[PlyCount "90"]
[EventDate "2009.08.14"]
[EventType "tourn"]
[EventRounds "5"]
[EventCountry "GER"]
[SourceTitle "EXT 2017"]
[Source "ChessBase"]
[SourceDate "2016.10.25"]
[SourceVersion "1"]
[SourceVersionDate "2016.10.25"]
[SourceQuality "1"]

1. c4 Nf6 2. d4 d6 3. Nf3 g6 4. Nc3 Bg7 5. e4 0-0 6. Be3 Ng4 7. Be2 e5 8. 0-0 Nc6 9. d5 Ne7 10. Bd2 f5 11. Ng5 Nf6 12. exf5 gxf5 13. Bh5 h6 14. Bf7+ Rxf7 15. Nxf7 Kxf7 16. f4 e4 17. Ne2 Ng6 18. Qb3 b6 19. Nd4 Bd7 20. Ne6 Bxe6 21. dxe6+ Kxe6 22. c5+ d5 23. Rac1 Ne7 24. h3 c6 25. Bc3 bxc5 26. Be5 Qb6 27. Qa3 Ng6 28. Qxc5 Qxc5+ 29. Rxc5 Rc8 30. Bd4 Nd7 31. Rxc6+ Rxc6 32. Bxg7 Rc2 33. g4 Nh4 34. Rf2 Nf3+ 35. Kg2 Rc1 36. Rf1 Rxf1 37. Kxf1 fxg4 38. hxg4 Nh2+ 39. Ke2 Nxg4 40. b4 Nb6 41. Bd4 Kf5 42. Bxb6 axb6 43. a4 Kxf4 44. a5 bxa5 45. bxa5 Ne5 0-1

[Event "Duesseldorf Nord Cup 8th GrI"]
[Site "Duesseldorf"]
[Date "2008.08.02"]
[Round "3"]
[White "Rothkugel, Wolfgang"]
[Black "Bakshi, Raj"]
[Result "1-0"]
[WhiteElo "1665"]
[BlackElo "1636"]
[PlyCount "59"]
[EventDate "2008.08.01"]
[EventType "tourn"]
[EventRounds "5"]
[EventCountry "GER"]
[SourceTitle "EXT 2017"]
[Source "ChessBase"]
[SourceDate "2016.10.25"]
[SourceVersion "1"]
[SourceVersionDate "2016.10.25"]
[SourceQuality "1"]

1. d4 Nf6 2. Nf3 d6 3. c4 g6 4. Nc3 Bg7 5. e4 0-0 6. Be2 e5 7. 0-0 Nc6 8. d5 Ne7 9. Ne1 Ne8 10. Be3 f5 11. f3 Nf6 12. Nd3 Kh8 13. Rc1 Nh5 14. c5 Nf4 15. Nxf4 exf4 16. Bxf4 fxe4 17. fxe4 dxc5 18. Nb5 Rxf4 19. Rxf4 Bh6 20. Qf1 a6 21. Rf7 Nf5 22. exf5 axb5 23. fxg6 hxg6 24. Bd3 Qg5 25. Re1 Bg4 26. Ree7 Bf5 27. Bxf5 gxf5 28. Qxf5 Qc1+ 29. Qf1 Be3+ 30. Kh1 1-0

[Event "Goch op 18th"]
[Site "Goch"]
[Date "2007.10.06"]
[Round "4"]
[White "Czajka, Detlef"]
[Black "Rothkugel, Wolfgang"]
[Result "1/2-1/2"]
[WhiteElo "1733"]
[BlackElo "2052"]
[PlyCount "28"]
[EventDate "2007.10.04"]
[EventType "swiss"]
[EventRounds "7"]
[EventCountry "GER"]
[SourceTitle "EXT 2011"]
[Source "ChessBase"]
[SourceDate "2010.11.26"]
[SourceVersion "1"]
[SourceVersionDate "2010.11.26"]
[SourceQuality "1"]

1. c4 Nf6 2. g3 d6 3. Bg2 Nbd7 4. Nf3 e5 5. Nc3 c6 6. 0-0 Be7 7. e4 0-0 8. d4 Qc7 9. b3 Rd8 10. Bb2 a5 11. Qe2 Nf8 12. dxe5 dxe5 13. Na4 Bg4 14. h3 Bxf3 1/2-1/2

[Event "Goch op 18th"]
[Site "Goch"]
[Date "2007.10.05"]
[Round "2"]
[White "Reiter, Brigitte"]
[Black "Rothkugel, Wolfgang"]
[Result "1/2-1/2"]
[WhiteElo "1768"]
[BlackElo "2052"]
[PlyCount "88"]
[EventDate "2007.10.04"]
[EventType "swiss"]
[EventRounds "7"]
[EventCountry "GER"]
[SourceTitle "EXT 2011"]
[Source "ChessBase"]
[SourceDate "2010.11.26"]
[SourceVersion "1"]
[SourceVersionDate "2010.11.26"]
[SourceQuality "1"]

1. d4 Nf6 2. Nf3 d6 3. Bg5 Nbd7 4. Nbd2 e5 5. e4 Be7 6. c3 c6 7. Be2 0-0 8. 0-0 Re8 9. Qb3 h6 10. dxe5 dxe5 11. Be3 Qc7 12. Bc4 Rf8 13. a4 Ng4 14. Rfe1 Nxe3 15. Rxe3 Bc5 16. Ree1 Nb6 17. Be2 Be6 18. Qc2 a5 19. Rad1 Rad8 20. Nf1 Nd7 21. Rd2 Rfe8 22. Bd3 Qb6 23. Ne3 Bxe3 24. Rxe3 Bb3 25. Qc1 Bxa4 26. Bc4 Bb3 27. Bxb3 Qxb3 28. Red3 Re7 29. Qd1 Qxd1+ 30. Rxd1 g5 31. Rd6 f6 32. Nd2 Rf8 33. Ra1 Ra8 34. Nc4 Kf7 35. Nxa5 b6 36. Nb3 Rxa1+ 37. Nxa1 Nc5 38. f3 Rc7 39. Nc2 Ke7 40. Rd2 Rd7 41. Rxd7+ Kxd7 42. b4 Na4 43. c4 Nb2 44. Ne3 Nd3 1/2-1/2

[Event "Rheinhausen-ch 11th"]
[Site "Duisburg Rheinhausen"]
[Date "2007.03.02"]
[Round "5"]
[White "Rothkugel, Wolfgang"]
[Black "Kerkhoff, Johannes"]
[Result "1-0"]
[WhiteElo "1707"]
[BlackElo "1488"]
[PlyCount "75"]
[EventDate "2007.01.12"]
[EventType "swiss"]
[EventRounds "7"]
[EventCountry "GER"]
[SourceTitle "EXT 2018"]
[Source "ChessBase"]
[SourceDate "2017.10.13"]
[SourceVersion "1"]
[SourceVersionDate "2017.10.13"]
[SourceQuality "1"]

1. Nc3 e5 2. Nf3 Nc6 3. d3 d5 4. e4 d4 5. Ne2 h6 6. c3 Bg4 7. Ng3 Bxf3 8. Qxf3 Qf6 9. Qxf6 Nxf6 10. Bd2 Rc8 11. Be2 Bd6 12. 0-0-0 b5 13. Nf5 0-0 14. h4 Kh7 15. g4 Ng8 16. g5 Nce7 17. cxd4 Nxf5 18. dxe5 Bxe5 19. exf5 f6 20. f4 Bd6 21. Bf3 c6 22. Rde1 Rfd8 23. Re6 Bb8 24. Kc2 Rd6 25. Rhe1 c5 26. Re8 Rdd8 27. g6+ Kh8 28. Bc6 b4 29. Bd7 Rxe8 30. Bxe8 Rc7 31. Bf7 Re7 32. Bxg8 Rxe1 33. Bxe1 Kxg8 34. Bf2 Bd6 35. Kb3 Kf8 36. Kc4 Ke8 37. Bxc5 Bxf4 38. Bxb4 1-0

[Event "Duisburg Grossenbaum op"]
[Site "Duisburg"]
[Date "2005.05.15"]
[Round "5"]
[White "Rothkugel, Wolfgang"]
[Black "Makarov, Juri"]
[Result "0-1"]
[WhiteElo "2062"]
[BlackElo "1745"]
[PlyCount "54"]
[EventDate "2005.05.13"]
[EventType "swiss"]
[EventRounds "7"]
[EventCountry "GER"]
[SourceTitle "EXT 2006"]
[Source "ChessBase"]
[SourceDate "2005.11.24"]
[SourceVersion "1"]
[SourceVersionDate "2005.11.24"]
[SourceQuality "1"]

1. d4 Nf6 2. Nf3 e6 3. e3 d5 4. Bd3 c5 5. c3 c4 6. Bc2 b5 7. Nbd2 Bb7 8. Qe2 a6 9. 0-0 Ne4 10. Ne5 Qh4 11. f3 Nxd2 12. Bxd2 Bd6 13. Be1 Qe7 14. Bg3 f6 15. Bg6+ Kf8 16. Nf7 Bxg3 17. hxg3 Rg8 18. Bxh7 Kxf7 19. Bxg8+ Kxg8 20. Kf2 Nd7 21. Rh1 e5 22. Rh4 exd4 23. cxd4 f5 24. Rah1 Nf6 25. Qc2 Qe6 26. g4 fxg4 27. Qg6 Ne4+ 0-1

[Event "Rheinhausen op"]
[Site "Duisburg"]
[Date "2005.01.14"]
[Round "2"]
[White "Orhan, Eda"]
[Black "Rothkugel, Wolfgang"]
[Result "1/2-1/2"]
[WhiteElo "1407"]
[BlackElo "1774"]
[PlyCount "49"]
[EventDate "2005.01.07"]
[EventType "swiss"]
[EventRounds "7"]
[EventCountry "GER"]
[SourceTitle "EXT 2006"]
[Source "ChessBase"]
[SourceDate "2005.11.24"]
[SourceVersion "1"]
[SourceVersionDate "2005.11.24"]
[SourceQuality "1"]

1. e4 d5 2. exd5 Qxd5 3. Nc3 Qa5 4. d4 c6 5. Bc4 Bf5 6. Bd2 Nf6 7. Qe2 e6 8. Nf3 Qc7 9. 0-0-0 Nbd7 10. h3 0-0-0 11. g4 Bg6 12. Bg5 h6 13. Bh4 Bd6 14. Bxf6 gxf6 15. Nh4 Bh7 16. Kb1 Rhe8 17. Bd3 Bxd3 18. Qxd3 Bf4 19. Qh7 Nb6 20. Ne2 Rh8 21. Qe4 Bd6 22. f4 Nc4 23. Qd3 Nb6 24. Qf3 Nd5 25. f5 1/2-1/2